• 首页
  • 本馆介绍
  • 公告通知
  • 最新文献
  • 馆藏检索
  • 电子资源
  • 读者导购
  • 参考咨询
  • 我的图书馆
  • 登录
  • 详细信息显示
  • 放入我的书架
  • 预约/预借图书
  • 作者相关作品
  • 分类相关作品
  • 丛书相关作品
  • 出版社相关作品

书目信息

  • 表格格式
  • 工作单格式
  • 卡片格式
书名: Applied physics
作者: Paul E. Tippens.
分册号:
分册名:
出版地: New York :
 
出版社: McGraw-Hill, Gregg Division
出版时间: c1978.
页数: ix, 758 p. :
开本: 24 cm.
丛书名:
中图分类号:
科图分类号:
其他分类号: O59
主题词:
电子资源:
000 00647nam 2200241 4504
001 E0731747236
005 20070728151535.53
008 771020s1978 nyua 00110 eng
010    @a77016679
020    @a0070649618.
040    @aDLC@cDLC@dCIN
050 00 @aQC21.2@b.T55 1978
082    @a530
090    @aP39/W9/1978
090    @aO59
099    @dO59@ex1=2
100 1  @aTippens, Paul E.
245 10 @aApplied physics / @cPaul E. Tippens.
250    @a2d ed.
260 0  @aNew York :@bMcGraw-Hill, Gregg Division,@cc1978.
300    @aix, 758 p. :@bill. ;@c24 cm.
500    @aIncludes index.
650  0 @aPhysics.
    
    Applied physics / / Paul E. Tippens.-2d ed.-New York : : McGraw-Hill, Gregg Division, , c1978.
    ix, 758 p. : : ill. ; ; 24 cm.
    Includes index.
    
    ISBN 0070649618.
    
●
相关链接 在E读中查询图书 在五车中查询图书 在当当中查询图书 在豆瓣中查询图书


正题名:Applied physics     索取号:O59/x1=2         预约/预借

序号 登录号 条形码 馆藏地/架位号 状态 备注
1 0014446   300144467   密集书库/ [索取号:O59/x1=2] 在馆    
2 0014447   300144476   密集书库/ [索取号:O59/x1=2] 在馆    
3 0014482   300144822   密集书库/ [索取号:O59/x1=2] 在馆    
4 182197   000638652   第二样本阅览室/ [索取号:O59/x1=2] 在馆    
5 182541   000638643   第四借阅区/ [索取号:O59/x1=2] 在馆    
唐山师范学院图书馆 欢迎您!
大连网信软件有限公司© 版权所有